Web marketing bakalárska práca

Uložené v:
Podrobná bibliografia
Hlavný autor: Sučanská, Adriana
Korporativný autor: Obchodná fakulta EU. Katedra marketingu
Ďalší autori: Dražová, Katarína
Médium: Kniha
Jazyk:Slovak
Vydavateľské údaje: Bratislava 2012
Tagy: Pridať tag
Žiadne tagy, Buďte prvý, kto otaguje tento záznam!

MARC

LEADER 00000nbm a2200000 4500
001 0154576
005 20161109111852.5
041 0 |a slo 
044 |a SK 
245 1 0 |a Web marketing  |b bakalárska práca  |c Adriana Sučanská ; školiteľ: Katarína Dražová 
264 1 |a Bratislava  |c 2012 
300 |a 45 s. 
100 1 |a Sučanská, Adriana 
700 1 |a Dražová, Katarína 
710 2 |a Obchodná fakulta EU. Katedra marketingu